[Event "Zonal Oceania 2009"]
[Site "Tweed Heads AUS"]
[Date "2009.06.26"]
[Round "9.20"]
[White "Grigg, Sam"]
[Black "Fitzpatrick, Andrew"]
[Result "1/2-1/2"]
[WhiteElo "1927"]
[BlackElo "2022"]
[PlyCount "88"]
[EventDate "2009.06.20"]
[EventType "swiss"]
[EventRounds "9"]
[EventCountry "AUS"]
[Source "lmi"]
[SourceDate "2009.06.20"]

1. c4 Nc6 2. Nc3 e5 3. g3 g6 4. Bg2 Bg7 5. e3 d6 6. Nge2 h5 7. h4 Nh6 8. d4
exd4 9. exd4 Nf5 10. Be3 O-O 11. O-O Nxe3 12. fxe3 g5 13. Qe1 gxh4 14. gxh4 Bf6
15. Qg3+ Bg4 16. Qf4 Bxh4 17. Bd5 Bg5 18. Qe4 Kg7 19. Ng3 f5 20. Nxf5+ Bxf5 21.
Rxf5 Rxf5 22. Qxf5 Bxe3+ 23. Kg2 Qg5+ 24. Qxg5+ Bxg5 25. Rf1 Rf8 26. Rxf8 Kxf8
27. Bf3 Nxd4 28. Bxh5 c6 29. Ne2 Nc2 30. Kf3 Nb4 31. a3 Nd3 32. b3 Ke7 33. Nd4
Bc1 34. Nc2 d5 35. cxd5 cxd5 36. Kg3 Kd6 37. Bg6 Ne5 38. Bh7 Kc5 39. Kf2 d4 40.
Ke2 a5 41. Kd1 Bg5 42. Ne1 a4 43. Kc2 Kb5 44. bxa4+ Kxa4 1/2-1/2

[Event "Zonal Oceania 2009"]
[Site "Tweed Heads AUS"]
[Date "2009.06.26"]
[Round "9.21"]
[White "Marcos, Joselito"]
[Black "Prasad, Calvin"]
[Result "0-1"]
[WhiteElo "2200"]
[BlackElo "1912"]
[PlyCount "113"]
[EventDate "2009.06.20"]
[EventType "swiss"]
[EventRounds "9"]
[EventCountry "AUS"]
[Source "lmi"]
[SourceDate "2009.06.20"]

1. Nf3 Nf6 2. d4 g6 3. c3 Bg7 4. Nbd2 d5 5. g3 O-O 6. Bg2 c5 7. O-O cxd4 8.
cxd4 Nc6 9. Nb3 Ne4 10. Be3 Bg4 11. Nfd2 Nxd2 12. Qxd2 b6 13. Rac1 Rc8 14. h3
Be6 15. Bh6 a5 16. a4 Qd7 17. Kh2 Nb4 18. Bxg7 Kxg7 19. Qf4 Qxa4 20. Nd2 Rc2
21. b3 Qb5 22. Rxc2 Nxc2 23. Qc7 Rc8 24. Qe5+ Kg8 25. Nf3 Qd7 26. Qg5 f6 27.
Qh6 Qd8 28. Nh4 Qf8 29. Qd2 Nb4 30. f4 Bf7 31. Rc1 Qe8 32. f5 g5 33. Nf3 Rxc1
34. Qxc1 Qc6 35. Qe3 Qc7 36. Ne1 h5 37. Kg1 Kf8 38. h4 g4 39. Nd3 Nxd3 40. Qxd3
Qd7 41. Kh2 b5 42. Qd2 Qc7 43. e3 Kg7 44. Bf1 b4 45. Bd3 Be8 46. Kg2 Bd7 47.
Kf2 Kf7 48. e4 dxe4 49. Qh6 Bxf5 50. Bc4+ e6 51. Qxh5+ Kg7 52. Qe8 e3+ 53. Ke2
Qd6 54. h5 Qxd4 55. h6+ Kxh6 56. Qf8+ Kg5 57. Qh8 0-1

[Event "Zonal Oceania 2009"]
[Site "Tweed Heads AUS"]
[Date "2009.06.26"]
[Round "9.22"]
[White "Krstev, Mario"]
[Black "Stahnke, Alexander"]
[Result "1-0"]
[WhiteElo "2086"]
[BlackElo "1795"]
[PlyCount "89"]
[EventDate "2009.06.20"]
[EventType "swiss"]
[EventRounds "9"]
[EventCountry "AUS"]
[Source "lmi"]
[SourceDate "2009.06.20"]

1. d4 Nf6 2. c4 g6 3. Nc3 Bg7 4. e4 O-O 5. Nge2 d6 6. Ng3 c5 7. d5 a6 8. a4
Nbd7 9. Be2 b6 10. O-O h5 11. f4 Re8 12. Nh1 Nf8 13. Nf2 e6 14. Bf3 exd5 15.
cxd5 Ra7 16. h3 Rae7 17. g4 h4 18. f5 N6h7 19. Nd3 g5 20. Be3 Be5 21. Nxe5 Rxe5
22. Be2 f6 23. Rb1 Nd7 24. b4 Kg7 25. Qd2 Nhf8 26. Rb2 Nh7 27. Rfb1 Qe7 28. Bf2
Qf7 29. Qe1 R5e7 30. Qf1 cxb4 31. Rxb4 a5 32. R4b2 Nc5 33. Bd3 Bd7 34. Rxb6
Bxa4 35. Bxc5 dxc5 36. Nxa4 c4 37. Bc2 Rc7 38. d6 Ra7 39. Nc5 Re5 40. Ne6+ Rxe6
41. fxe6 Qxe6 42. Rb7+ Kh6 43. Rxa7 Qe5 44. Rxh7+ Kg6 45. Qf5+ 1-0

[Event "Zonal Oceania 2009"]
[Site "Tweed Heads AUS"]
[Date "2009.06.26"]
[Round "9.24"]
[White "Lester, George"]
[Black "Jones, Brian"]
[Result "0-1"]
[WhiteElo "1801"]
[BlackElo "2062"]
[PlyCount "64"]
[EventDate "2009.06.20"]
[EventType "swiss"]
[EventRounds "9"]
[EventCountry "AUS"]
[Source "lmi"]
[SourceDate "2009.06.20"]

1. d4 Nf6 2. c4 c5 3. d5 e5 4. Nc3 d6 5. e4 g6 6. Bd3 Nbd7 7. h3 a6 8. a4 Qe7
9. Bg5 h6 10. Be3 Bg7 11. Qd2 Rb8 12. Nge2 Nf8 13. Rb1 Ng8 14. Qc2 h5 15. b4
cxb4 16. Rxb4 Nd7 17. f4 exf4 18. Bxf4 g5 19. Bg3 h4 20. Bf2 Ne5 21. Kd1 Nf6
22. Kc1 Nfd7 23. Nd4 Nc5 24. Be2 Qc7 25. Be3 g4 26. Nf5 Bxf5 27. exf5 Qe7 28.
Qd2 g3 29. Kb1 Qf6 30. Rf1 Ned7 31. Kc2 Kf8 32. Bg5 Qxc3+ 0-1

[Event "Zonal Oceania 2009"]
[Site "Tweed Heads AUS"]
[Date "2009.06.26"]
[Round "9.25"]
[White "Weller, Tony"]
[Black "Chan, Jason"]
[Result "0-1"]
[WhiteElo "1987"]
[BlackElo "2056"]
[PlyCount "92"]
[EventDate "2009.06.20"]
[EventType "swiss"]
[EventRounds "9"]
[EventCountry "AUS"]
[Source "lmi"]
[SourceDate "2009.06.20"]

1. d4 Nf6 2. e3 g6 3. c4 Bg7 4. Nc3 d6 5. Nf3 O-O 6. Be2 Nbd7 7. O-O e5 8. Qc2
Re8 9. d5 e4 10. Nd4 Qe7 11. b3 h5 12. Bb2 Nf8 13. Rae1 N8h7 14. f4 exf3 15.
Bxf3 Ng5 16. e4 Ng4 17. Nd1 a6 18. Bxg4 hxg4 19. Rf4 Be5 20. Qc3 Qf8 21. Ref1
Qh6 22. Qe3 Nf3+ 23. R4xf3 Qxh2+ 24. Kf2 gxf3 25. Qxf3 Qf4 26. Ne3 Bd7 27. Rh1
Qxf3+ 28. gxf3 Bg7 29. Rh4 Re5 30. Kg3 Rg5+ 31. Kf2 Re8 32. Ng2 Rh5 33. Rxh5
gxh5 34. Kg3 c5 35. dxc6 bxc6 36. Bc3 Be5+ 37. Kf2 Kh7 38. Ne2 Bxc3 39. Nxc3 a5
40. Nf4 Kh6 41. Nce2 Rg8 42. a3 h4 43. b4 axb4 44. axb4 h3 45. Ng3 h2 46. Nfh5
h1=Q 0-1

[Event "Zonal Oceania 2009"]
[Site "Tweed Heads AUS"]
[Date "2009.06.26"]
[Round "9.30"]
[White "Tan, Kevin"]
[Black "Ford, Daniel"]
[Result "1-0"]
[WhiteElo "1956"]
[BlackElo "1792"]
[PlyCount "65"]
[EventDate "2009.06.20"]
[EventType "swiss"]
[EventRounds "9"]
[EventCountry "AUS"]
[Source "lmi"]
[SourceDate "2009.06.20"]

1. e4 c6 2. d4 d5 3. exd5 cxd5 4. c4 Nf6 5. Nc3 e6 6. Nf3 Nc6 7. Bg5 Be7 8. Be2
dxc4 9. Bxc4 O-O 10. O-O a6 11. Re1 b5 12. Bd3 Bb7 13. Rc1 Qb6 14. Ne5 Nxd4 15.
Bxf6 Bxf6 16. Nd7 Qc6 17. Nxf6+ gxf6 18. Ne4 Qb6 19. Nxf6+ Kg7 20. Nd7 Qd6 21.
Nxf8 Rxf8 22. Be4 Bc8 23. Qg4+ Kh8 24. Bxh7 Kxh7 25. Qh5+ Kg7 26. Qg5+ Kh7 27.
Re4 Nf5 28. Qh5+ Nh6 29. Rh4 e5 30. Rxc8 Qd2 31. Qxh6+ Qxh6 32. Rxh6+ Kxh6 33.
Rxf8 1-0

[Event "Zonal Oceania 2009"]
[Site "Tweed Heads AUS"]
[Date "2009.06.26"]
[Round "9.31"]
[White "Encel, Benjamin"]
[Black "Sannidhanam, Anurag"]
[Result "1/2-1/2"]
[WhiteElo "1838"]
[BlackElo "1705"]
[PlyCount "88"]
[EventDate "2009.06.20"]
[EventType "swiss"]
[EventRounds "9"]
[EventCountry "AUS"]
[Source "lmi"]
[SourceDate "2009.06.20"]

1. e4 c5 2. Nc3 g6 3. f4 Bg7 4. Nf3 a6 5. g3 b5 6. Bg2 Bb7 7. d3 d6 8. O-O Nd7
9. Kh1 Nh6 10. h3 b4 11. Ne2 O-O 12. g4 f5 13. Ng5 Rf6 14. Ng3 e6 15. Qe2 Qb6
16. Kh2 Rb8 17. Bd2 d5 18. gxf5 dxe4 19. N3xe4 Rxf5 20. Ng3 Bxg2 21. Qxg2 Rff8
22. Rae1 Rbe8 23. b3 Nf6 24. Re2 Nf5 25. Nxf5 exf5 26. Rfe1 Qb5 27. Ne6 Rf7 28.
Re5 Rfe7 29. Nxg7 Rxg7 30. Rxe8+ Nxe8 31. Qd5+ Kf8 32. c4 bxc3 33. Bxc3 Rd7 34.
Qe5 Rxd3 35. Qh8+ Kf7 36. Qxh7+ Kf8 37. Qe7+ Kg8 38. Qe6+ Kf8 39. Qe7+ Kg8 40.
Qe6+ Kf8 41. Qe5 Kf7 42. a4 Qc6 43. Qe7+ Kg8 44. Re6 Rxh3+ 1/2-1/2

[Event "Zonal Oceania 2009"]
[Site "Tweed Heads AUS"]
[Date "2009.06.26"]
[Round "9.36"]
[White "Hughes, Harry"]
[Black "Canfell, Mike"]
[Result "0-1"]
[WhiteElo "1554"]
[BlackElo "1932"]
[PlyCount "70"]
[EventDate "2009.06.20"]
[EventType "swiss"]
[EventRounds "9"]
[EventCountry "AUS"]
[Source "lmi"]
[SourceDate "2009.06.20"]

1. d4 Nf6 2. c4 g6 3. Nc3 Bg7 4. Nf3 O-O 5. e3 d6 6. Bd3 Nbd7 7. d5 e5 8. e4 a5
9. Qc2 Nc5 10. Be3 Bd7 11. O-O Ng4 12. Bd2 f5 13. h3 Nh6 14. Rfe1 f4 15. Rab1
Nf7 16. Be2 g5 17. Nh2 Qf6 18. Rf1 Qg6 19. Bf3 Nh6 20. Qd1 Kh8 21. b3 Ng8 22.
Re1 Nf6 23. Ng4 Bxg4 24. Bxg4 Nxg4 25. Qxg4 h5 26. Qe2 g4 27. Kh2 Bh6 28. Qf1
g3+ 29. Kh1 gxf2 30. Red1 Qg3 31. Rbc1 Rg8 32. Rc2 f3 33. gxf3 Qxf3+ 34. Kh2
Rg1 35. Bxh6 Qg3# 0-1